000 00283nam a2200109Ia 4500
008 200302s9999 xx 000 0 und d
100 _aMichael Carley & Other
245 _aManaging Sustainable Development
260 _bEarthScan Publications Ltd.
260 _c2005
300 _a322 P.,
999 _c5713
_d5713